| 000 | 00637nam a2200181Ia 4500 | ||
|---|---|---|---|
| 008 | 151018s9999 xx 000 0 und d | ||
| 082 |
_bRBASDV36647 _a891.462 |
||
| 100 | _aप्रकाश भाटकर | ||
| 245 | _aकथा गुफली अश्रुंची | ||
| 250 | _b1 | ||
| 260 |
_bललित नाट्य प्रकाशन _c1981 |
||
| 300 | _a88 | ||
| 600 | _aप्रकाश भाटकर | ||
| 630 | _aकथा गुफली अश्रुंची | ||
| 700 | _aप्रकाश भाटकर | ||
| 730 | _aकथा गुफली अश्रुंची | ||
| 942 | _cBOOK | ||
| 999 |
_c1036094 _d1036091 |
||